All Premier League Teams Ever - Sudden Death - Statistics

General Stats
  • This quiz has been taken 17,191 times
  • The average score is 26 of 51
Answers on the Grid
Answers color-coded by a green-red scale on the quiz's grid according to % correct below.
Accrington Stanley
AFC Wimbledon
Arsenal
Aston Villa
Barnet
Barnsley
Barrow
Birmingham City
Blackburn Rovers
Blackpool
Bolton Wanderers
Bournemouth
Bradford City
Brentford
Brighton & Hove Albion
Bristol City
Bristol Rovers
Bromley
Burnley
Burton Albion
Cambridge United
Cardiff City
Charlton Athletic
Chelsea
Cheltenham Town
Chesterfield
Colchester United
Coventry City
Crawley Town
Crewe Alexandra
Crystal Palace
Derby County
Doncaster Rovers
Everton
Exeter City
FC Halifax Town
Fleetwood Town
Forest Green Rovers
Fulham
Gillingham
Grimsby Town
Harrogate Town
Hartlepool United
Huddersfield Town
Hull City
Ipswich Town
Leeds United
Leicester City
Leyton Orient
Lincoln City
Liverpool
Luton Town
Manchester City
Manchester United
Mansfield Town
Middlesbrough
Millwall
Milton Keynes Dons
Morecambe
Newcastle United
Newport Town
Northampton Town
Norwich City
Nottingham Forest
Notts County
Oldham Athletic
Oxford United
Peterborough United
Plymouth Argyle
Port Vale
Portsmouth
Preston North End
Queens Park Rangers
Reading
Rotherham United
Salford City
Sheffield United
Sheffield Wednesday
Shrewsbury Town
Southampton
Stevenage
Stockport County
Stoke City
Sunderland
Swansea City
Swindon Town
Tottenham Hotspur
Tranmere Rovers
Walsall
Watford
West Bromwich Albion
West Ham United
Wigan Athletic
Wimbledon
Wolverhampton Wanderers
Wrexham
Wycombe Wanderers
Yeovil Town
York City
 
Answer Stats
Answer % Correct
Arsenal
90%
Aston Villa
87%
Bournemouth
77%
Blackburn Rovers
72%
Birmingham City
69%
Brighton & Hove Albion
69%
Brentford
68%
Chelsea
64%
Manchester City
62%
Crystal Palace
60%
Everton
60%
Fulham
60%
Leicester City
60%
Liverpool
60%
Burnley
59%
Leeds United
59%
Manchester United
59%
Bolton Wanderers
58%
Ipswich Town
56%
Blackpool
55%
Hull City
55%
Luton Town
53%
Newcastle United
53%
Cardiff City
51%
Nottingham Forest
51%
Middlesbrough
50%
Derby County
48%
West Ham United
48%
Norwich City
47%
Southampton
47%
Tottenham Hotspur
47%
Wolverhampton Wanderers
46%
Sheffield United
45%
Sunderland
45%
Swansea City
44%
Huddersfield Town
43%
Stoke City
43%
Watford
43%
West Bromwich Albion
43%
Queens Park Rangers
42%
Barnsley
38%
Coventry City
38%
Wigan Athletic
38%
Charlton Athletic
36%
Portsmouth
36%
Reading
35%
Bradford City
32%
Sheffield Wednesday
32%
Wimbledon
25%
Oldham Athletic
21%
Swindon Town
19%
No matching quizzes found
Score Distribution
Percent of People with Each Score
Percentile by Number Answered
Your Score History
You have not taken this quiz